Zákon o registri mimovládnych neziskových organizácií komentár

Gespeichert in:
Bibliographische Detailangaben
1. Verfasser: Magurová, Zuzana
Weitere Verfasser: Magurová, Hana, 1986-, Šimonová, Jana, Horvat, Matej, Zlocha, Ľubomír, 1988-
Format: Buch
Sprache:Slowakisch
Veröffentlicht: Bratislava Wolters Kluwer SR 2022
Ausgabe:1. vydanie
Schlagworte:
Tags: Tag hinzufügen
Keine Tags, Fügen Sie das erste Tag hinzu!

MARC

LEADER 00000nlm a2200000 4500
001 0288639
005 20260205124313.9
020 |a 978-80-571-0490-2 
041 0 |a slo 
044 |a SK 
245 1 0 |a Zákon o registri mimovládnych neziskových organizácií  |b komentár  |c Zuzana Magurová, Hana Magurová ; recenzenti: Jana Šimonová, Matej Horvat, Ľubomír Zlocha 
250 |a 1. vydanie 
264 1 |a Bratislava  |b Wolters Kluwer SR  |c 2022 
300 |a 97 s. [4 AH] 
500 |a Právny stav publikácie je k 1. 5. 2022 
610 2 0 |a legislatíva 
610 2 0 |a novelizácia 
610 2 0 |a registre 
610 2 0 |a organizácie neziskové 
610 2 0 |a organizácie nevládne 
610 2 0 |a úpravy právne 
100 1 |a Magurová, Zuzana 
700 1 |a Magurová, Hana, 1986- 
700 1 |a Šimonová, Jana 
700 1 |a Horvat, Matej 
700 1 |a Zlocha, Ľubomír, 1988-